Arabic thought and its place in history /

محفوظ في:

المؤلف الرئيسي: O'Leary, De Lacy, 1872-1957 (مؤلف)

التنسيق: كتاب

اللغة: English

منشور في: London : Routledge & K. Paul, [1954].

الطبعة: [Rev. ed.]

سلاسل: Trubner's oriental series.

الموضوعات:

الوسوم: إضافة وسم

لا توجد وسوم, كن أول من يضع وسما على هذه التسجيلة!

رقم الطلب: B741 .O4 1954

LEADER 00776nam a2200265I 4500
001 6492
003 OSt
005 20250914104306.0
008 130303s1954 enk b 000 0 eng d
040 |c ARCE Library 
043 |a ar----- 
050 4 |a B741 .O4 1954 
100 1 |a O'Leary, De Lacy,  |d 1872-1957,  |e author 
245 1 0 |a Arabic thought and its place in history /  |c by De Lacy O'Leary. 
250 |a [Rev. ed.] 
264 1 |a London :  |b Routledge & K. Paul,  |c [1954]. 
300 |a vii, 327 pages ;  |c 21 cm. 
490 0 |a Trubner's oriental series. 
500 |a "Revised edition 1939 ; reprinted 1954." 
504 |a Bibliography : pages [321]-323. 
650 0 |a Philosophy, Arab. 
650 0 |a Philosophy, Islamic. 
901 |a reviewed 
942 |c BK  |2 lcc 
999 |c 8560  |d 8560